Drought frontiers in rice: crop improvement for increased rainfed production
Wedi'i Gadw mewn:
| Fformat: | Llyfr |
|---|---|
| Iaith: | Undetermined |
| Cyhoeddwyd: |
Manila
IRRI
2008
|
| Pynciau: | |
| Tagiau: |
Ychwanegu Tag
Dim Tagiau, Byddwch y cyntaf i dagio'r cofnod hwn!
|
| Thư viện lưu trữ: | Trung tâm Học liệu Trường Đại học Cần Thơ |
|---|
| LEADER | 00544nam a2200181Ia 4500 | ||
|---|---|---|---|
| 001 | CTU_170171 | ||
| 008 | 210402s9999 xx 000 0 und d | ||
| 082 | |a 633.18 | ||
| 082 | |b D788 | ||
| 245 | 0 | |a Drought frontiers in rice: | |
| 245 | 0 | |b crop improvement for increased rainfed production | |
| 245 | 0 | |c Edited by : R. Serraj, J. Bennett and B. Hardy | |
| 260 | |a Manila | ||
| 260 | |b IRRI | ||
| 260 | |c 2008 | ||
| 650 | |a Rice research,Nghiên cứu lúa | ||
| 910 | |a Nguyên | ||
| 980 | |a Trung tâm Học liệu Trường Đại học Cần Thơ | ||